书目信息 |
| 题名: |
钢的热处理裂纹和变形
|
|
| 作者: | ;《钢的热处理裂纹和变形》编写组 编 | |
| 分册: | ||
| 出版信息: | 北京 机械工业出版社 1978 |
|
| 页数: | 424页 | |
| 开本: | 19cm | |
| 丛书名: | ||
| 单 册: | ||
| 中图分类: | TG161 | |
| 科图分类: | ||
| 主题词: | 金属学 , 热处理缺陷-钢 , 钢-热处理缺陷 , 热处理 | |
| 电子资源: | ||
| ISBN: | ||
| 000 | 00807nam0 2200253 45 | |
| 001 | 0178000347 | |
| 005 | 20060731102207.29 | |
| 010 | @dCNY1.10 | |
| 091 | @a15033.4550 | |
| 100 | @a19950731d1978 em y0chiy0121 ea | |
| 101 | 0 | @achi |
| 102 | @aCN@b110000 | |
| 105 | @ay z 000yy | |
| 200 | 10 | @a钢的热处理裂纹和变形@Agang de re chu li lie wen he bian xing@f《钢的热处理裂纹和变形》编写组编@F《gang de re chu li lie wen he bian xing》bian xie zu bian |
| 210 | @a北京@c机械工业出版社@d1978 | |
| 215 | @a424页@d19cm | |
| 606 | 0 | @a金属学 |
| 606 | @a热处理缺陷-钢 | |
| 606 | @a钢-热处理缺陷 | |
| 606 | 0 | @a热处理 |
| 690 | @aTG161@v4 | |
| 711 | 0 | @a《钢的热处理裂纹和变形》编写组@A《gang de re chu li lie wen he bian xing》bian xie zu@4编 |
| 801 | 0 | @aCN@bTSSF@c20060731 |
| 905 | @a10447@dTG161@e23 | |
| 钢的热处理裂纹和变形/《钢的热处理裂纹和变形》编写组编.-北京:机械工业出版社,1978 |
| 424页;19cm |
| ISBN :CNY1.10 |
| ● |
| 相关链接 |
|
|
|
|
正题名:钢的热处理裂纹和变形
索取号:TG161/23
 
预约/预借
| 序号 | 登录号 | 条形码 | 馆藏地/架位号 | 状态 | 备注 |
| 1 | 0008200 | 202209243 | 密集书库/ [索取号:TG161/23] | 在馆 | |
| 2 | 0437351 | 204373515 | 密集书库/ [索取号:TG161/23] | 在馆 | |
| 3 | 0437352 | 204373524 | 密集书库/ [索取号:TG161/23] | 在馆 | |
| 4 | 0439104 | 204391041 | 密集书库/ [索取号:TG161/23] | 在馆 |